| 000 | 00000nam##2200000za#4500 |
| 001 | 9.700282 |
| 003 | CaOODSP |
| 005 | 20210927150514 |
| 007 | cr ||||||||||| |
| 008 | 150407|2008||||xxc|||||o f|0| 0 eng|d |
| 040 | |aCaOODSP|beng |
| 043 | |an-cn--- |
| 086 | 1 |aR5-30/2008E-PDF |
| 110 | 1 |aCanada. |bIndian and Northern Affairs Canada. |
| 245 | 10|aEvaluation of the 1996 On-Reserve Housing Policy : |h[electronic resource]|breport / |c[prepared by] Evaluation, Performance Measurement and Review Branch. |
| 260 | |aOttawa - Ontario : |bIndian and Northern Affairs |cFebruary 2008. |
| 300 | |a52p.|bgraph, references, tables |
| 500 | |a"CIDM # 1304024"--Cover. |
| 590 | |a15-03-Supp|b2015-03-13 |
| 690 | 07|aIndigenous reserves|2gcpds |
| 690 | 07|aHousing|2gcpds |
| 775 | 08|tÉvaluation de la Politique de 1996 sur le logement dans les réserves / |w(CaOODSP)9.644326 |
| 856 | 40|ahttp://publications.gc.ca|qPDF|s266 KB|uhttps://publications.gc.ca/collections/collection_2015/aadnc-aandc/R5-30-2008-eng.pdf |
| 986 | |aProject 07/050 |